000 00409nam a2200181Ia 4500
008 210210b1965 xxu||||| |||| 00| 0 eng d
041 _aeng
082 _a320/223
100 _aGORE BOOTH (Paul)
245 _aSpeaking among friends
260 _aNew Delhi
_b-
_c1965
300 _a108
650 _aSpeaking
650 _afriends
650 _aamong
690 _aPolitical Science
906 _a001973
999 _c117991
_d117991